टि. व्ही. आणि मुले : निष्कर्ष मानसशास्त्रीय संशोधनाSो (Record no. 323560)

MARC details
000 -LEADER
fixed length control field 00830nam a2200169Ia 4500
008 - FIXED-LENGTH DATA ELEMENTS--GENERAL INFORMATION
fixed length control field 090711s9999 xx 000 0 und d
082 ## - DEWEY DECIMAL CLASSIFICATION NUMBER
Item number 100
100 ## - MAIN ENTRY--PERSONAL NAME
Personal name वाडकर अलका
245 ## - TITLE STATEMENT
Title टि. व्ही. आणि मुले : निष्कर्ष मानसशास्त्रीय संशोधनाSो
260 ## - PUBLICATION, DISTRIBUTION, ETC. (IMPRINT)
Name of publisher, distributor, etc उन्मेष प्रकाशन
Date of publication, distribution, etc 1997
300 ## - PHYSICAL DESCRIPTION
Extent 88
600 ## - SUBJECT ADDED ENTRY--PERSONAL NAME
Personal name वाडकर अलका
630 ## - SUBJECT ADDED ENTRY--UNIFORM TITLE
Uniform title टि. व्ही. आणि मुले : निष्कर्ष मानसशास्त्रीय संशोधनाSो
700 ## - ADDED ENTRY--PERSONAL NAME
Personal name वाडकर अलका
730 ## - ADDED ENTRY--UNIFORM TITLE
Uniform title टि. व्ही. आणि मुले : निष्कर्ष मानसशास्त्रीय संशोधनाSो
942 ## - ADDED ENTRY ELEMENTS (KOHA)
Koha item type Book

No items available.